| 000 | 00609nam a2200193Ii 4500 | ||
|---|---|---|---|
| 003 | JO-AjNU | ||
| 008 | 230605s9999||||xx |||||||||||||| ||und|| | ||
| 040 |
_aJO-AjNU _bara _erda _cJO-AjNU |
||
| 041 | _aara | ||
| 050 | 1 | 4 | _aRC548.T32 2002 |
| 100 | 3 |
_aالطيبي ، عكاشة عبدالمنان, _eauthor _913731 |
|
| 245 | 0 | 0 | _aاسئلة حائرة الارق كيف اتخلص منه |
| 264 | 3 | 1 | _aالمكتبة الثقافية ، 2002 |
| 300 | _a125ص | ||
| 336 |
_atext _btxt _2rdacontent |
||
| 337 |
_aunmediated _bn _2rdamedia |
||
| 338 |
_avolume _bnc _2rdacarrier |
||
| 650 | 4 |
_aالارق _913732 |
|
| 999 |
_aA3494 _c7062 _d7062 |
||